000 00210 a2200097 4500
001 52562
100 _aJakes John
245 _aNorth and South
260 _aLondon
_bFontana/Collins
_c
090 _c33049
_d33049
942 _aNUST-CAE
_cM
_c25613
999 _c287635
_d287635